00952nam a2200181 a 450000100100000000500170001000800410002704000250006808200140009324501750010726000790028230000280036159000280038995201120041795201120052995201120064199900170075300004895720201002061536.0190507s2016 dr a 000 spa d aDO-SdBNPbspacBNPHU axxxbC965 0aCuentas del agua de la República Dominicana : enfoque Nacional y la Región Este año 2005. /cComité Interinstitutcional para el Desarrollo de las Cuentas de Agua. aSanto Domingo :bMinisterio de Medio Ambiente y Recursos Naturales,c2016. a102 p. :bil. ;c27 cm. aInventariado, 2019 / DG 0010718PDaGRbGRcHDd2019-05-07iLF1l0oxxx C965p48957-30r2020-06-25w2020-06-25yLFPDZNo se presta 0010718PDaPDbPDcHDd2019-05-07iLF1l0oxxx C965p48957-10r2020-06-25w2020-06-25yLFPDZNo se presta 0010718PDaPDbPDcHDd2019-05-07iLF1l0oxxx C965p48957-20r2020-06-25w2020-06-25yLFPDZNo se presta c48445d48445